[Event "13th EICC"]
[Site "Plovdiv BUL"]
[Date "2012.03.22"]
[Round "3.78"]
[White "Ledger, Andrew J"]
[Black "Socko, Bartosz"]
[Result "1/2-1/2"]
[WhiteTitle "IM"]
[BlackTitle "GM"]
[WhiteElo "2424"]
[BlackElo "2647"]
[WhiteFideId "400610"]
[BlackFideId "1107038"]
[EventDate "2012.03.20"]
[EventType "swiss"]

1. d4 Nf6 2. c4 e6 3. g3 c5 4. d5 exd5 5. cxd5 b5 6. Nf3 d6 7. e4 a6 8. a4 Qe7
9. Bd3 Nxd5 10. axb5 Nb4 11. O-O Qb7 12. Nc3 Be7 13. bxa6 N8xa6 14. Bb5+ Bd7 15.
Bxd7+ Qxd7 16. Nd5 Nxd5 17. Qxd5 O-O 18. Bf4 Nc7 19. Qd3 Ne6 20. Bd2 Qb7 21. Bc3
Rfd8 22. Rxa8 Rxa8 23. Nd2 Ra4 24. Re1 Bf8 25. b3 Ra2 26. Ra1 Rxa1+ 27. Bxa1 Qa8
28. Bb2 Qa2 29. Nc4 h6 30. Kg2 Qa8 31. Qd5 Qb8 32. Ne3 Nc7 33. Qc4 Qa8 34. h4
Qa2 35. Qc2 Qa8 36. Qc4 Qa2 37. Qc2 Qa8 38. Qc4 Qa2 1/2-1/2

[Event "13th EICC"]
[Site "Plovdiv BUL"]
[Date "2012.03.22"]
[Round "3.82"]
[White "Vuckovic, Bojan"]
[Black "Fedorovsky, Michael"]
[Result "0-1"]
[WhiteTitle "GM"]
[BlackTitle "IM"]
[WhiteElo "2628"]
[BlackElo "2395"]
[WhiteFideId "922277"]
[BlackFideId "14105454"]
[EventDate "2012.03.20"]
[EventType "swiss"]

1. e4 c5 2. Nf3 d6 3. d4 cxd4 4. Nxd4 Nf6 5. Nc3 g6 6. Be3 Bg7 7. f3 O-O 8. Qd2
Nc6 9. Bc4 Bd7 10. O-O-O Rc8 11. Bb3 Nxd4 12. Bxd4 b5 13. a3 a5 14. e5 dxe5 15.
Bxe5 Bc6 16. Qe3 Qe8 17. Rhe1 b4 18. axb4 axb4 19. Na2 Ba4 20. Kb1 Qb5 21. Bxa4
Qxa4 22. Qb3 Qa5 23. Qxb4 Qa7 24. Qd4 Qa6 25. Nb4 Qa5 26. c3 Rc5 27. g4 h6 28.
h4 Ra8 29. g5 Nh5 30. f4 hxg5 31. hxg5 e6 32. Bxg7 Nxg7 33. Re5 Rxe5 34. Qxe5
Qa7 35. Nc2 Qa2+ 36. Kc1 Qc4 37. Na3 Qc6 38. Qf6 Qc7 39. Nb5 Qb6 40. Rd7 Qe3+ 0-1

[Event "13th EICC"]
[Site "Plovdiv BUL"]
[Date "2012.03.22"]
[Round "3.84"]
[White "Ovod, Evgenija"]
[Black "Buhmann, Rainer"]
[Result "1/2-1/2"]
[WhiteTitle "IM"]
[BlackTitle "GM"]
[WhiteElo "2408"]
[BlackElo "2614"]
[WhiteFideId "4131827"]
[BlackFideId "4651340"]
[EventDate "2012.03.20"]
[EventType "swiss"]

1. d4 e6 2. c4 b6 3. e4 Bb7 4. Bd3 Nc6 5. Nf3 Nb4 6. Nc3 Nxd3+ 7. Qxd3 Ne7 8. d5
Ng6 9. h4 Bd6 10. h5 Ne5 11. Nxe5 Bxe5 12. f4 Bxc3+ 13. Qxc3 Qe7 14. Be3 f6 15.
O-O-O h6 16. g4 d6 17. g5 fxg5 18. fxg5 O-O-O 19. Rhg1 exd5 20. gxh6 gxh6 21.
Rg7 Qxe4 22. cxd5 Rd7 23. Rxd7 Kxd7 24. Qxh8 Qxe3+ 25. Kb1 Qe4+ 26. Ka1 Bxd5 27.
Qxh6 Bf7 28. Qg7 Qf3 29. Rc1 Qd5 30. b3 Qxh5 31. Rf1 Ke6 32. Re1+ Kd7 33. Rf1
Ke8 34. Re1+ Kd7 35. Rf1 Ke8 36. Re1+ Kd7 37. Rf1 Ke8 38. Re1+ Kd8 39. Rf1 Ke8
40. Re1+ Kd7 1/2-1/2

[Event "13th EICC"]
[Site "Plovdiv BUL"]
[Date "2012.03.22"]
[Round "3.85"]
[White "Smeets, Jan"]
[Black "Schroll, Gerhard"]
[Result "0-1"]
[WhiteTitle "GM"]
[BlackTitle "IM"]
[WhiteElo "2610"]
[BlackElo "2388"]
[WhiteFideId "1007246"]
[BlackFideId "1600907"]
[EventDate "2012.03.20"]
[EventType "swiss"]

1. e4 Nf6 2. e5 Nd5 3. d4 d6 4. Nf3 dxe5 5. Nxe5 c6 6. Be2 Nd7 7. Nf3 N7f6 8.
O-O Bg4 9. h3 Bh5 10. c4 Nb6 11. b3 e6 12. Be3 Nbd7 13. Nc3 Bb4 14. Qc2 Bg6 15.
Qb2 Qa5 16. Nb1 Bd6 17. Nh4 Qc7 18. Qd2 Ne4 19. Qc1 c5 20. Bf3 Nef6 21. Nc3 a6
22. dxc5 Nxc5 23. Nxg6 hxg6 24. Rd1 O-O 25. b4 Ncd7 26. c5 Bh2+ 27. Kf1 Ne5 28.
Be2 Nc6 29. Rb1 Be5 30. Bf3 Rad8 31. Ne2 Rxd1+ 32. Qxd1 Rd8 33. Qc2 Nd5 34. Bd2
Nf4 35. Bxf4 Bxf4 36. Bxc6 bxc6 37. Qc4 Bg5 38. Qxa6 Rd2 39. a4 Qd7 40. f4 Bh4
41. g3 Qd5 42. Kf2 Qd4+ 43. Kf1 Qd5 44. Kf2 Rd3 45. gxh4 Qf3+ 46. Ke1 Qh1+ 47.
Kf2 Rf3# 0-1

[Event "13th EICC"]
[Site "Plovdiv BUL"]
[Date "2012.03.22"]
[Round "3.86"]
[White "Popilski, Gil"]
[Black "Edouard, Romain"]
[Result "1-0"]
[WhiteTitle "IM"]
[BlackTitle "GM"]
[WhiteElo "2389"]
[BlackElo "2607"]
[WhiteFideId "2809060"]
[BlackFideId "633429"]
[EventDate "2012.03.20"]
[EventType "swiss"]

1. e4 c5 2. Nf3 d6 3. d4 cxd4 4. Nxd4 Nf6 5. Nc3 a6 6. f4 e6 7. Qf3 e5 8. Nb3
Be7 9. h3 b5 10. Bd2 O-O 11. O-O-O Qc7 12. a3 Be6 13. fxe5 dxe5 14. Nd5 Bxd5 15.
exd5 e4 16. Qe2 Rc8 17. Be3 a5 18. Kb1 Nbd7 19. g4 a4 20. d6 Bxd6 21. Nd4 Rab8
22. Nf5 Bf8 23. g5 Ne8 24. c3 Nb6 25. Qf2 Bc5 26. Rg1 Bxe3 27. Nxe3 Qe5 28. Be2
Nc4 29. Rd5 Qc7 30. Rgd1 Qb6 31. Rd7 Ne5 32. R7d4 Qg6 33. Qf4 Nc6 34. Rd7 Rd8
35. Rxd8 Rxd8 36. Rxd8 Nxd8 37. Bxb5 Nd6 38. Bxa4 Qe6 39. Bb3 Qxb3 40. Qxd6 Ne6
41. Qb4 Qxb4 42. cxb4 Kf8 43. b5 Ke7 44. a4 Kd6 45. b4 Nxg5 46. a5 Ne6 47. a6
Nc7 48. Nc4+ Kd5 49. Nb6+ Kd4 50. a7 Kd3 51. Nd5 e3 52. Nxe3 Na8 53. Nd5 1-0

[Event "13th EICC"]
[Site "Plovdiv BUL"]
[Date "2012.03.22"]
[Round "3.87"]
[White "Ponkratov, Pavel"]
[Black "Petrisor, Adrian-Marian"]
[Result "1/2-1/2"]
[WhiteTitle "GM"]
[BlackTitle "FM"]
[WhiteElo "2607"]
[BlackElo "2383"]
[WhiteFideId "4157800"]
[BlackFideId "1213741"]
[EventDate "2012.03.20"]
[EventType "swiss"]

1. e4 c5 2. Nf3 d6 3. d4 cxd4 4. Nxd4 Nf6 5. Nc3 a6 6. Be3 Ng4 7. Bc1 Nf6 8. f4
e5 9. Nf3 Nbd7 10. Bc4 b5 11. Bd5 Nxd5 12. Qxd5 Rb8 13. Ng5 Qe7 14. fxe5 dxe5
15. Be3 Nf6 16. Qd3 h6 17. Nf3 Bb7 18. O-O-O Rc8 19. Rhe1 Qc7 20. Re2 Be7 21.
Nd5 Bxd5 22. exd5 e4 23. Qd4 exf3 24. gxf3 Bd6 25. Bxh6+ Kd7 26. Bxg7 Rxh2 27.
Rxh2 Bxh2 28. Qd3 Qf4+ 29. Kb1 Ne8 30. Bc3 Nd6 31. Qe2 Re8 32. Qf2 Nc8 33. a4
bxa4 34. Bd2 Qe5 35. Qh4 Nb6 36. Ba5 a3 37. Qb4 Qe2 38. Rd3 Qf1+ 39. Ka2 axb2
40. Qg4+ Kd6 41. Qb4+ Kd7 42. Qg4+ Kd6 43. Qb4+ 1/2-1/2

[Event "13th EICC"]
[Site "Plovdiv BUL"]
[Date "2012.03.22"]
[Round "3.91"]
[White "Novkovic, Milan"]
[Black "Damljanovic, Branko"]
[Result "0-1"]
[WhiteTitle "IM"]
[BlackTitle "GM"]
[WhiteElo "2381"]
[BlackElo "2582"]
[WhiteFideId "1613103"]
[BlackFideId "900125"]
[EventDate "2012.03.20"]
[EventType "swiss"]

1. d4 Nf6 2. c4 g6 3. Nc3 Bg7 4. e4 d6 5. Nf3 O-O 6. h3 e5 7. d5 a5 8. Be3 Na6
9. Nd2 Bd7 10. g4 c6 11. Be2 Nc5 12. h4 cxd5 13. cxd5 a4 14. a3 Qa5 15. Kf1 Rac8
16. h5 Ne8 17. g5 f5 18. gxf6 Nxf6 19. hxg6 hxg6 20. Kg2 Rf7 21. Rh4 Rcf8 22.
Qh1 Nb3 23. Nxb3 axb3 24. Rf1 Nh5 25. Bxh5 gxh5 26. Rxh5 Bg4 27. Qh4 Bf3+ 28.
Kh2 Bxh5 29. Qxh5 Bf6 30. Rg1+ Rg7 31. Bh6 Rxg1 32. Bxf8 Rg5 33. Qe8 Qd8 34.
Qxd8 Bxd8 35. Bxd6 Bb6 36. f4 Rh5+ 37. Kg2 Bd4 38. Na4 exf4 39. Nc5 Rh6 40. Nxb3
f3+ 41. Kxf3 Rh3+ 42. Kg4 Rxb3 0-1

[Event "13th EICC"]
[Site "Plovdiv BUL"]
[Date "2012.03.22"]
[Round "3.93"]
[White "Ruck, Robert"]
[Black "Balla, Tamas-Kristof"]
[Result "1-0"]
[WhiteTitle "GM"]
[BlackTitle "FM"]
[WhiteElo "2579"]
[BlackElo "2369"]
[WhiteFideId "705713"]
[BlackFideId "1208497"]
[EventDate "2012.03.20"]
[EventType "swiss"]

1. Nf3 Nf6 2. c4 g6 3. d4 Bg7 4. g3 O-O 5. Bg2 d6 6. O-O c6 7. Nc3 Nbd7 8. e4 e5
9. h3 Qa5 10. Re1 Re8 11. Rb1 exd4 12. Nxd4 Ne5 13. Bf1 a6 14. b4 Qc7 15. f4
Ned7 16. Kh2 c5 17. Nc2 Ng4+ 18. hxg4 Bxc3 19. Re3 Bg7 20. g5 f6 21. Bb2 fxg5
22. Qd5+ Kh8 23. Qxg5 Bxb2 24. Rxb2 Kg7 25. Kg1 Nf6 26. bxc5 Rxe4 27. cxd6 Qxd6
28. c5 Qf8 29. Rxe4 Nxe4 30. Qe5+ Qf6 31. Qxe4 Qxb2 32. Qe7+ Kh6 33. Qg5+ Kg7
34. Qe7+ Kh6 35. Ne3 Qd4 36. Qg5+ Kg7 37. Qe7+ Kh6 38. Qf8+ Qg7 39. Qd8 Qd7 40.
Qf8+ Qg7 41. Qd8 Qd7 42. Qg5+ Kg7 43. Qe5+ Kf8 44. Qh8+ Ke7 45. Bc4 Qh3 46. Nd5+
Kd7 47. Qg7+ 1-0

[Event "13th EICC"]
[Site "Plovdiv BUL"]
[Date "2012.03.22"]
[Round "3.94"]
[White "Papin, Vasily"]
[Black "Pavlidis, Anastasios"]
[Result "1-0"]
[WhiteTitle "GM"]
[BlackTitle "FM"]
[WhiteElo "2575"]
[BlackElo "2363"]
[WhiteFideId "4143183"]
[BlackFideId "4208404"]
[EventDate "2012.03.20"]
[EventType "swiss"]

1. Nf3 Nf6 2. c4 g6 3. Nc3 Bg7 4. d4 d6 5. g3 O-O 6. Bg2 Nbd7 7. O-O e5 8. h3 c6
9. e4 Qb6 10. Re1 exd4 11. Nxd4 Re8 12. Re2 Ng4 13. Rd2 Nge5 14. b3 Nc5 15. Rc2
a5 16. Be3 Qc7 17. Rb1 Be6 18. Rd2 Rad8 19. Rc1 Bc8 20. Qc2 Qe7 21. Rcd1 f6 22.
f4 Nf7 23. Bf2 Qc7 24. a3 Re7 25. Ndb5 cxb5 26. b4 axb4 27. axb4 Na6 28. Nd5
Nxb4 29. Nxb4 Qxc4 30. Nd5 Ree8 31. Qb1 Qc6 32. Bb6 Qd7 33. Rc1 Qe6 34. Bxd8
Rxd8 35. Qxb5 f5 36. exf5 gxf5 37. Re2 Bd7 38. Qd3 Qh6 39. Rc7 Kh8 40. Rxd7 Rxd7
41. Re8+ Bf8 42. Qc3+ Kg8 43. Nf6+ 1-0

[Event "13th EICC"]
[Site "Plovdiv BUL"]
[Date "2012.03.22"]
[Round "3.97"]
[White "Nenezic, Marko"]
[Black "Ipatov, Alexander"]
[Result "0-1"]
[BlackTitle "GM"]
[WhiteElo "2370"]
[BlackElo "2561"]
[WhiteFideId "912123"]
[BlackFideId "14116731"]
[EventDate "2012.03.20"]
[EventType "swiss"]

1. d4 Nf6 2. c4 e6 3. g3 c5 4. d5 d6 5. Nc3 e5 6. e4 Be7 7. Bg2 a6 8. a4 h5 9.
h4 Nbd7 10. Nh3 Nf8 11. Ng5 Ng4 12. f3 Nh6 13. O-O f6 14. Nh3 g5 15. hxg5 fxg5
16. f4 Bg4 17. Qd3 Nf7 18. fxg5 Nxg5 19. Nxg5 Bxg5 20. Qc2 Ng6 21. Rf5 Bxc1 22.
Rxc1 h4 23. Rcf1 hxg3 24. Rf6 Qe7 25. Rxg6 Qh7 26. Rff6 Qh2+ 27. Kf1 Bh3 28. Qb3
Bxg2+ 29. Ke1 Qg1+ 30. Kd2 Qd4+ 31. Kc2 Bxe4+ 32. Nxe4 Qxe4+ 33. Qd3 Rh2+ 34.
Kc3 Qe1+ 0-1

[Event "13th EICC"]
[Site "Plovdiv BUL"]
[Date "2012.03.22"]
[Round "3.99"]
[White "Nabaty, Tamir"]
[Black "Laurusas, Tomas"]
[Result "1-0"]
[WhiteTitle "GM"]
[WhiteElo "2559"]
[BlackElo "2360"]
[WhiteFideId "2809052"]
[BlackFideId "12803731"]
[EventDate "2012.03.20"]
[EventType "swiss"]

1. Nf3 Nf6 2. c4 c6 3. Nc3 d5 4. e3 g6 5. d4 Bg7 6. Be2 O-O 7. O-O Bg4 8. Qb3 b6
9. h3 dxc4 10. Qxc4 Bc8 11. Qa4 b5 12. Qc2 b4 13. Na4 Bf5 14. Qb3 a5 15. Ne5
Nfd7 16. f4 Be4 17. Bf3 Bxf3 18. Nxf3 c5 19. Rd1 cxd4 20. Nxd4 e5 21. fxe5 Bxe5
22. Nf3 Bf6 23. e4 Qe7 24. Qd5 Ra6 25. Bf4 Qe6 26. Rac1 Re8 27. Rc7 Qxd5 28.
exd5 Rd8 29. Rdc1 Nf8 30. Rb7 Nbd7 31. Rc6 Raa8 32. Bd6 Bg7 33. Be7 Rdb8 34.
Rxb8 Rxb8 35. d6 Bf6 36. Rc7 Kg7 37. Ng5 Bxg5 38. Bxg5 f6 39. Be3 Kf7 40. Ra7
Ke6 41. Rxa5 Kxd6 42. Bf4+ Ne5 43. Nc5 Nd7 44. Nxd7 Kxd7 45. Ra7+ Ke6 46. Rxh7
Ra8 47. Bxe5 Kxe5 48. Rb7 Rxa2 49. Rb5+ Ke6 50. Rxb4 Ra1+ 51. Kf2 Rc1 52. Re4+
Kf5 53. Re3 Rb1 54. Re2 Kf4 55. Rc2 f5 56. Rc4+ Ke5 57. Rc2 Kf4 58. Rd2 g5 59.
Re2 g4 60. g3+ Kg5 61. h4+ Kh5 62. Rd2 Kg6 63. Rd6+ Kh5 64. Rb6 Rc1 65. Rf6 Rc5
66. Ke3 Re5+ 67. Kd4 Rb5 68. Kc4 Re5 69. b4 Re4+ 70. Kc5 Re3 71. Rxf5+ Kh6 72.
Rg5 Rxg3 73. b5 Rg1 74. b6 Rc1+ 75. Kb5 Rb1+ 76. Ka6 Ra1+ 77. Ra5 Rb1 78. Rg5
Ra1+ 79. Kb5 Rb1+ 80. Kc6 Rc1+ 81. Kd7 Rd1+ 82. Kc7 Rc1+ 83. Kb8 Rg1 84. b7 g3
85. Ka7 Ra1+ 86. Kb6 Rb1+ 87. Ka6 Ra1+ 88. Kb6 Rb1+ 89. Rb5 1-0

[Event "13th EICC"]
[Site "Plovdiv BUL"]
[Date "2012.03.22"]
[Round "3.100"]
[White "Nikolov, Momchil"]
[Black "Nakar, Eylon"]
[Result "1/2-1/2"]
[WhiteTitle "GM"]
[BlackTitle "FM"]
[WhiteElo "2550"]
[BlackElo "2344"]
[WhiteFideId "2905710"]
[BlackFideId "2811111"]
[EventDate "2012.03.20"]
[EventType "swiss"]

1. d4 Nf6 2. c4 g6 3. f3 Bg7 4. e4 d6 5. Nc3 O-O 6. Be3 c5 7. Nge2 Nc6 8. d5 Ne5
9. Ng3 h5 10. Be2 h4 11. Nf1 e6 12. Nd2 exd5 13. cxd5 a6 14. a4 Bd7 15. h3 Nh5
16. O-O g5 17. Nc4 Nxc4 18. Bxc4 Be5 19. Qd2 Nf4 20. a5 Qf6 21. Rab1 Rfb8 22.
Nd1 b5 23. axb6 Rxb6 24. b3 a5 25. Nf2 Bc3 26. Qc2 Rab8 27. Rfc1 Be5 28. Bf1 Kg7
29. Bc4 Kg8 30. Bf1 Kg7 31. Bc4 1/2-1/2

[Event "13th EICC"]
[Site "Plovdiv BUL"]
[Date "2012.03.22"]
[Round "3.103"]
[White "Antal, Tibor Kende"]
[Black "Zoler, Dan"]
[Result "0-1"]
[WhiteTitle "FM"]
[BlackTitle "GM"]
[WhiteElo "2352"]
[BlackElo "2541"]
[WhiteFideId "738581"]
[BlackFideId "2800705"]
[EventDate "2012.03.20"]
[EventType "swiss"]

1. Nf3 Nf6 2. c4 e6 3. g3 d5 4. d4 Bb4+ 5. Bd2 Be7 6. Bg2 c6 7. Qc2 O-O 8. O-O
b6 9. Rd1 Ba6 10. b3 Nbd7 11. Bf4 Rc8 12. Ne5 Nxe5 13. dxe5 Nd7 14. cxd5 cxd5
15. Qb2 g5 16. Be3 Nxe5 17. Nc3 Bf6 18. Rac1 Ng4 19. Bd4 e5 20. Be3 Nxe3 21.
fxe3 e4 22. Rd2 Qc7 23. Rdc2 Qc5 24. Kh1 Qxe3 25. b4 Rxc3 26. Rxc3 Bxc3 27. Rxc3
Qxe2 28. Qc1 h6 29. h4 d4 30. Rc2 Qg4 31. Rc6 Qxg3 32. Rxh6 Rc8 33. Qd1 Qf4 0-1

[Event "13th EICC"]
[Site "Plovdiv BUL"]
[Date "2012.03.22"]
[Round "3.104"]
[White "Marin, Mihail"]
[Black "Izzat, Kanan"]
[Result "1/2-1/2"]
[WhiteTitle "GM"]
[BlackTitle "FM"]
[WhiteElo "2539"]
[BlackElo "2319"]
[WhiteFideId "1200020"]
[BlackFideId "13405209"]
[EventDate "2012.03.20"]
[EventType "swiss"]

1. d4 Nf6 2. Nf3 g6 3. Bg5 Bg7 4. c3 O-O 5. Nbd2 d5 6. e3 Bf5 7. Qb3 Nbd7 8. Be2
Ne4 9. Nxe4 dxe4 10. Nd2 h6 11. Bh4 g5 12. Bg3 e5 13. Rd1 exd4 14. cxd4 Nb6 15.
h4 c6 16. hxg5 hxg5 17. Nc4 Be6 18. Qc2 Nxc4 19. Bxc4 Qa5+ 20. Kf1 Bd5 21. Kg1
Rad8 22. f4 Rfe8 23. Rh5 Bxc4 24. Qxc4 Rd5 25. Rxg5 Rxg5 26. fxg5 Qxg5 27. Bf4
Qg4 28. Rf1 Re6 29. d5 b5 30. Qb3 cxd5 31. Qxd5 Qe2 32. Rf2 Qe1+ 33. Rf1 Qe2 34.
Rf2 Qe1+ 35. Rf1 Qe2 36. Rf2 Qe1+ 37. Rf1 1/2-1/2

[Event "13th EICC"]
[Site "Plovdiv BUL"]
[Date "2012.03.22"]
[Round "3.105"]
[White "Rogozenco, Dorian"]
[Black "Aharon, Ofir"]
[Result "1/2-1/2"]
[WhiteTitle "GM"]
[BlackTitle "FM"]
[WhiteElo "2536"]
[BlackElo "2288"]
[WhiteFideId "1210319"]
[BlackFideId "2800683"]
[EventDate "2012.03.20"]
[EventType "swiss"]

1. d4 Nf6 2. c4 g6 3. Nc3 d5 4. Nf3 Bg7 5. cxd5 Nxd5 6. e4 Nxc3 7. bxc3 c5 8.
Rb1 O-O 9. Be2 b6 10. O-O Qc7 11. Bg5 Bb7 12. d5 Bxc3 13. Bc4 Bg7 14. e5 Ba6 15.
Bxa6 Nxa6 16. Re1 e6 17. d6 Qd7 18. Be7 Rfe8 19. Ng5 Rxe7 20. dxe7 Qxe7 21. f4
Nb4 22. Qf3 Rd8 23. Rbd1 Rxd1 24. Rxd1 Bxe5 25. fxe5 Qxg5 26. Rd7 Qc1+ 27. Rd1
Qg5 28. Rd7 Qc1+ 29. Rd1 Qg5 1/2-1/2

[Event "13th EICC"]
[Site "Plovdiv BUL"]
[Date "2012.03.22"]
[Round "3.107"]
[White "Benidze, Davit"]
[Black "Kjurkchiiski, Georgi"]
[Result "1-0"]
[WhiteTitle "IM"]
[WhiteElo "2530"]
[BlackElo "2266"]
[WhiteFideId "13603086"]
[BlackFideId "2901153"]
[EventDate "2012.03.20"]
[EventType "swiss"]

1. Nf3 c5 2. g3 Nf6 3. Bg2 g6 4. d3 Bg7 5. O-O O-O 6. e4 d6 7. Re1 Nfd7 8. c3
Nc6 9. Be3 b5 10. d4 Rb8 11. Nbd2 b4 12. a3 bxc3 13. bxc3 Ba6 14. Qa4 Bb5 15.
Qc2 Qa5 16. a4 Ba6 17. Nb3 Qb6 18. Reb1 cxd4 19. Nbxd4 Qc7 20. Nxc6 Qxc6 21.
Bxa7 Rxb1+ 22. Rxb1 Qxc3 23. Qxc3 Bxc3 24. Rc1 Ba5 25. Nd4 Bb6 26. Bxb6 Nxb6 27.
Rc6 Rc8 28. a5 Rxc6 29. Nxc6 Nc8 30. Bf1 Bb7 31. Bb5 Bxc6 32. Bxc6 Na7 33. Ba4
Kf8 34. f4 e6 35. Kf2 Ke7 36. Ke3 f6 37. Kd4 Kd8 38. g4 Ke7 39. f5 gxf5 40. gxf5
d5 41. exd5 exf5 42. Kc5 Nc8 43. a6 f4 44. d6+ 1-0

[Event "13th EICC"]
[Site "Plovdiv BUL"]
[Date "2012.03.22"]
[Round "3.108"]
[White "Bulmaga, Irina"]
[Black "Yilmaz, Mustafa"]
[Result "1-0"]
[WhiteTitle "WIM"]
[BlackTitle "IM"]
[WhiteElo "2307"]
[BlackElo "2530"]
[WhiteFideId "13903063"]
[BlackFideId "6302718"]
[EventDate "2012.03.20"]
[EventType "swiss"]

1. e4 g6 2. d4 Bg7 3. Nf3 d6 4. c3 Nf6 5. Bd3 O-O 6. O-O c5 7. h3 Qc7 8. Re1 e5
9. dxe5 dxe5 10. Qe2 Nc6 11. Bg5 Nh5 12. Qe3 b6 13. Bh6 Nf4 14. Bxg7 Kxg7 15.
Bf1 Bb7 16. Na3 f5 17. Rad1 Rf6 18. exf5 Re8 19. g3 Nh5 20. Bg2 e4 21. Nh2 Ne7
22. Ng4 Nxf5 23. Nxf6 Nxf6 24. Qe2 e3 25. Bxb7 Qxb7 26. Nc4 h5 27. Nxe3 Nxe3 28.
fxe3 Ne4 29. Qg2 Qc7 30. Rd5 Nxg3 31. Rg5 h4 32. Rg4 Qd8 33. Qc6 g5 34. Qg2 Kh6
35. Qc6+ Kg7 36. Qg2 Kh6 37. Rxg3 hxg3 38. Qxg3 Qd3 39. h4 Rg8 40. Rf1 Qd8 41.
h5 Kxh5 42. Qh3+ Kg6 43. Qe6+ Kh7 44. Kg2 Rf8 45. Rh1+ Kg7 46. Qh6+ 1-0

[Event "13th EICC"]
[Site "Plovdiv BUL"]
[Date "2012.03.22"]
[Round "3.110"]
[White "Huschenbeth, Niclas"]
[Black "Hristodorescu, Daniel"]
[Result "1-0"]
[WhiteTitle "GM"]
[BlackTitle "FM"]
[WhiteElo "2509"]
[BlackElo "2212"]
[WhiteFideId "24604747"]
[BlackFideId "1203100"]
[EventDate "2012.03.20"]
[EventType "swiss"]

1. e4 c6 2. d4 d5 3. e5 Bf5 4. Nf3 e6 5. Be2 Ne7 6. O-O h6 7. Nbd2 Nd7 8. Nb3 g5
9. a4 a5 10. Bd2 Bg7 11. h4 Bg4 12. hxg5 Nf5 13. Nh2 Bxe2 14. Qxe2 hxg5 15. Ng4
Nf8 16. g3 f6 17. exf6 Bxf6 18. Bxa5 Rxa5 19. Nxa5 Bxd4 20. Nb3 Nxg3 21. Qd3 Qd6
22. Rfe1 Ba7 23. Nd2 Nh5 24. Nc4 Qf4 25. Nce5 Ng3 26. Qf3 Nf5 27. a5 Nd7 28.
Qxf4 gxf4 29. a6 Rg8 30. axb7 Bb8 31. Ra8 Ke7 32. Nxc6+ Kd6 33. Nxb8 Nxb8 34.
Kf1 Nd4 35. c3 Ndc6 36. f3 Rg7 37. Nf2 Rxb7 38. Nd3 e5 39. b4 d4 40. Nc5 Rb5 41.
Rd1 Ke7 42. cxd4 Nxd4 43. Kg2 Nbc6 44. Nd3 Nf5 45. Rc1 Kd6 46. Ra6 Nd4 47. Rh1
Kd5 48. Rh6 Nxb4 49. Nxb4+ Rxb4 50. Ra5+ Nb5 51. Kh3 Rb3 52. Kg4 Kc5 53. Re6 Kb4
54. Rxb5+ Kxb5 55. Rxe5+ Kc6 56. Kxf4 Kd6 57. Re8 Rb4+ 58. Kg5 Rb5+ 59. Kf6 Kd7
60. Re7+ Kd8 61. f4 Rb1 62. f5 Rf1 63. Re5 Kd7 64. Kf7 Kd6 65. Re6+ Kd7 66. f6
Rf2 67. Re1 Rd2 68. Kf8 Rf2 69. f7 Rf3 70. Rg1 Ke6 71. Kg8 1-0

[Event "13th EICC"]
[Site "Plovdiv BUL"]
[Date "2012.03.22"]
[Round "3.111"]
[White "Gallagher, Joseph G."]
[Black "Hristodoulou, Panagiotis"]
[Result "1-0"]
[WhiteTitle "GM"]
[WhiteElo "2502"]
[BlackElo "2203"]
[WhiteFideId "1303422"]
[BlackFideId "4214340"]
[EventDate "2012.03.20"]
[EventType "swiss"]

1. e4 Nf6 2. e5 Nd5 3. d4 d6 4. Nf3 dxe5 5. Nxe5 c6 6. Bd3 Nd7 7. Nf3 N7f6 8. h3
Nb4 9. Bc4 Bf5 10. Bb3 a5 11. a3 Nbd5 12. O-O e6 13. c4 Nc7 14. Nc3 Be7 15. Qe2
h6 16. Rd1 O-O 17. Bf4 Re8 18. Rd2 Bd6 19. Ne5 Qe7 20. Qf3 Rad8 21. Rad1 Nd7 22.
Nxf7 Kxf7 23. Bxd6 Qxd6 24. c5 Qe7 25. Qxf5+ Kg8 26. Re2 Kh8 27. Qg6 Qf6 28. Qg4
Qf5 29. Rxe6 Qxe6 30. Bxe6 Rxe6 31. Qg3 Ne8 32. d5 cxd5 33. Rxd5 Nef6 34. Rd1
Rde8 35. b4 1-0

[Event "13th EICC"]
[Site "Plovdiv BUL"]
[Date "2012.03.22"]
[Round "3.112"]
[White "Bach, Adrian-Kalman"]
[Black "Drenchev, Petar"]
[Result "0-1"]
[WhiteTitle "FM"]
[BlackTitle "GM"]
[WhiteElo "2264"]
[BlackElo "2499"]
[WhiteFideId "1201107"]
[BlackFideId "2903261"]
[EventDate "2012.03.20"]
[EventType "swiss"]

1. e4 c5 2. Nf3 d6 3. Bc4 Nf6 4. d3 Nc6 5. Nbd2 g6 6. a4 Bg7 7. O-O O-O 8. c3 d5
9. exd5 Nxd5 10. a5 e6 11. Nb3 Qc7 12. Bg5 Nce7 13. Qd2 Rb8 14. Rfe1 f6 15. Bxd5
Nxd5 16. Bh4 e5 17. d4 cxd4 18. cxd4 Qc4 19. Nc5 b6 20. axb6 axb6 21. Ne4 exd4
22. Bg3 f5 23. Bxb8 fxe4 24. Be5 exf3 25. Bxg7 d3 26. gxf3 Kxg7 27. Re4 Qc7 28.
Qxd3 Nf6 29. Rc4 Qe5 30. Ra7+ Kg8 31. Qd2 Bh3 32. Rh4 Qf5 33. Qc1 Rc8 0-1

[Event "13th EICC"]
[Site "Plovdiv BUL"]
[Date "2012.03.22"]
[Round "3.113"]
[White "Vlashki, Nino"]
[Black "Jianu, Vlad-Cristian"]
[Result "1/2-1/2"]
[BlackTitle "GM"]
[WhiteElo "2258"]
[BlackElo "2497"]
[WhiteFideId "2908743"]
[BlackFideId "1208110"]
[EventDate "2012.03.20"]
[EventType "swiss"]

1. d4 Nf6 2. Nf3 e6 3. a4 c5 4. g3 b6 5. Bg2 Bb7 6. O-O Be7 7. c4 cxd4 8. Nxd4
Bxg2 9. Kxg2 O-O 10. Nc3 Qc8 11. Qd3 Na6 12. b3 Rd8 13. Qf3 d5 14. Rd1 Nb4 15.
Ba3 Qb7 16. cxd5 exd5 17. Nf5 Bf8 18. Ne3 Nc6 19. Ncxd5 Nxd5 20. Nxd5 Bxa3 21.
Rxa3 Kh8 22. e4 Rd6 23. Ra2 Rad8 24. Rad2 h6 25. h3 R8d7 26. Qf5 Qb8 27. Rc1 Qe8
28. Nc7 Qe7 29. Rxd6 Rxd6 30. Nb5 Rf6 31. Qd5 Nb4 32. Rc8+ Kh7 33. Qc4 Qd7 34.
Nd4 Nd3 35. Nf5 Nc5 36. Rf8 Nxe4 37. Qxe4 Qxf5 38. Qxf5+ Rxf5 39. g4 Rf6 40. Ra8
a5 41. Rb8 g5 42. Kg3 Kg7 43. f3 Rc6 44. Rb7 Kf6 45. h4 Ke6 46. Rb8 Ke5 47. h5
Kd4 48. Rb7 Rf6 49. Rc7 Kd5 50. Rc4 Rc6 51. Re4 Re6 52. Rc4 Rc6 53. Re4 Re6 1/2-1/2

[Event "13th EICC"]
[Site "Plovdiv BUL"]
[Date "2012.03.22"]
[Round "3.114"]
[White "Scekic, Veljko"]
[Black "Nedev, Trajko"]
[Result "0-1"]
[BlackTitle "GM"]
[WhiteElo "2186"]
[BlackElo "2492"]
[WhiteFideId "940020"]
[BlackFideId "15000605"]
[EventDate "2012.03.20"]
[EventType "swiss"]

1. c4 e5 2. g3 Nc6 3. Bg2 Bc5 4. Nc3 d6 5. e3 a6 6. Nge2 Ba7 7. O-O h5 8. d4 h4
9. b4 hxg3 10. fxg3 Bg4 11. Qa4 Bd7 12. b5 axb5 13. Nxb5 exd4 14. Qb3 d3 15.
Qxd3 Ne5 16. Qc3 Bc5 17. Nbd4 Ra4 18. Nf5 g6 19. Nfd4 Rxc4 20. Qb3 Rb4 21. Qd1
Qg5 22. h4 Qh6 23. a3 Rc4 24. Bd5 Rxc1 25. Rxc1 Qxe3+ 26. Kg2 Ne7 27. Bxb7 c6
28. Rc3 Qe4+ 29. Nf3 Nd5 0-1